00710nam a22001697a 45000050016000000100015000160200024000310200027000550350013000820370013000950820008001082450292001162600039004082700048004473000026004955000019005212010081403033.0 aENG-100420 a8184242905c1800.00 a9798184242903c1800.00 aEN-83953 bDBAD/PUB a500 aDecision sciences and technology for globalisation :bbased on the papers presented at the inaugural conference of the Indian sub - continent region of decision science institute at institute of management technology, Ghaziabad 2nd to 4th January 2008 /cedited by B. S. Sahay... [et al] aNew DelhibAllied Publishersc2008 aA,-104 Mayapuri Phase IIbNew Delhie110064 axvi, 668p.c25cm (Hb) aIncluded index